000 01103nac a22002891u 4500
010 _a 84020750
020 _a0080281192 (set) :
082 0 0 _a370.3
_bINT
090 _c9992
_d9992
100 _a20080729
245 0 4 _aThe International encyclopedia of education :
_bresearch and studies /
_ceditors-in-chief, Torsten HuseÌ?n, T. Neville Postlethwaite.
260 _aOxford ;
_aNew York :
_bPergamon Press,1985.
_cc1985.
300 _a10 v. :
_bill. ;
_c26 cm.
500 _aDonations - AUC.
500 _aDonations.
504 _aIncludes bibliographical references.
505 _aIssues: V. 1 A-B, 3 D-E, 5 I-L, 6 M-O (1985)
511 _aCatalogued by: Sara.
650 0 _aEducation
_xDictionaries.
650 0 _aEducation
_xResearch
_xDictionaries.
700 1 _aHuseÌ?n, Torsten,
_d1916-
700 1 _aPostlethwaite, T. Neville.
942 _cNB
_k370.3INT
999 _c9992
_d9992